000 00640nam a22001817a 4500
003 UA-OsUOA
001 14468
007 ta
008 20030924b un ||||| |||| 00| 0 ukr d
100 _aСавченко Н.
942 _cSA
040 _aUA-OsUOA
_cUA-OsUOA
_dUA-OsUOA
245 _aГенерал привітав дітей: [П'ять років тому в Рівному був створений притулок для неповнолітніх ]
300 _aС.2
955 _a0
773 0 _w0
_tВісті Рівненщини
_dРівне
_d2003
_g№75/12 верес./
650 7 _aКраєзнавча робота
_2UDC
999 _c300629
_d300629